000 00997nam0a22002891 4500
001 rc\1120315
005 20250622184144.0
035 _a(NLR Aleph) 006363346
090 _a4925945
_c4925945
100 _a20041126d1981 |||y0rusy50 ca
101 0 _arus
102 _aRU
105 _aa |||||||||
200 1 _aИсследование характеристик спин-флиппера в виде фольги с током
_fМ.И. Булгаков, А.Д. Гулько, С.С. Тростин
210 _aМ.
_cИТЭФ
_d1981
215 _a44 с.
_cграф.
_d20
225 1 _aПрепринт
_fИн-т теорет. и эксперим. физики
_vИТЭФ-100
300 _aРез. англ.
320 _aБиблиогр.: с. 44 (12 назв.)
700 1 _aБулгаков
_bМ.И.
701 1 _aГулько
_bА.Д.
701 1 _aТростин
_bС.С.
801 0 _aRU
_bNLR
_gpsbo
801 1 _aRU
_bELAR
_2rusmarc
852 _aNLR
_j82-4/4341
942 _cBOOK
980 _aNB